000 01028nam0a2200289 4500
001 RU\NLR\bibl\8835
005 20260409063418.0
010 _a5-88914-009-4
_96000
021 _aRU
_b98-10851
_9511
035 _a(NLR Aleph) 000008634
090 _a27654
_c27654
100 _a19981130d1998 |||y0rusy50 ca
101 0 _arus
102 _aRU
105 _a|||||||||||||
200 1 _aГражданский процессуальный кодекс РСФСР
210 _aМ.
_cСпарк
_d1998
215 _a156 с.
_d20
606 0 _aГражданский процессуальный кодекс
_yРоссийская Федерация
_92075486
_3RU\NLR\auth\661250561
686 _aХ629.2-324.9(2Р)
740 1 _aРоссийская Федерация
_tЗаконы
_iГражданский процессуальный кодекс
_3RU\NLR\AUTH\880379477
_9425338
801 0 _aRU
_bNLR
_c19981130
_gPSBO
801 1 _aRU
_bNLR
_c19981130
852 _aNLR
_j98-3/4564
942 _cBOOK
980 _aNB